ပခုက္ကူဦးအုံးဖေစာပေဆုနှင့် ပညာ‌ရေထူးချွန်ဆု ဆုချီးမြင့်ပွဲ / (Record no. 27117)

000 -LEADER
fixed length control field 00916nam a22001817a 4500
005 - DATE AND TIME OF LATEST TRANSACTION
control field 20260123085907.0
008 - FIXED-LENGTH DATA ELEMENTS--GENERAL INFORMATION
fixed length control field 230713b ||||| |||| 00| 0 eng d
040 ## - CATALOGING SOURCE
Transcribing agency SSBUL
Modifying agency SSBUL
082 ## - DEWEY DECIMAL CLASSIFICATION NUMBER
Edition number 23
Classification number ၈၀၇.၉၈၉၅ ပ ၁၆၀၅၆ (S-SAT)
245 00 - TITLE STATEMENT
Title ပခုက္ကူဦးအုံးဖေစာပေဆုနှင့် ပညာ‌ရေထူးချွန်ဆု ဆုချီးမြင့်ပွဲ /
260 ## - PUBLICATION, DISTRIBUTION, ETC.
Date of publication, distribution, etc. ၂၀၀၁။
300 ## - PHYSICAL DESCRIPTION
Extent ၅၆ စာမျက်နှာ၊
Dimensions ၂၀ စင်တီ။
500 ## - GENERAL NOTE
General note S-SAT: Dr. Prof Sai Aung Tun
650 ## - SUBJECT ADDED ENTRY--TOPICAL TERM
Topical term or geographic name entry element ပခုက္ကူဦးအုံးဖေစာပေဆု။
9 (RLIN) 27857
Topical term or geographic name entry element စာပေဆုများ
Geographic subdivision မြန်မာနိုင်ငံ။
9 (RLIN) 27827
Topical term or geographic name entry element မြန်မာစာရေးဆရာများ
Form subdivision အတ္ထုပ္ပတ္တိ။
9 (RLIN) 27858
942 ## - ADDED ENTRY ELEMENTS (KOHA)
Source of classification or shelving scheme
Koha item type Book (Short term)
Holdings
Withdrawn status Lost status Source of classification or shelving scheme Damaged status Not for loan Collection code Permanent Location Current Location Shelving location Date acquired Total Checkouts Full call number Barcode Date last seen Price effective from Koha item type Accession
          Special Collections Shan State Buddhist University Library Shan State Buddhist University Library Special Collection Shelves 13/07/2023   ၈၀၇.၉၈၉၅ ပ ၁၆၀၅၆ (S-SAT) MB00016056 13/07/2023 13/07/2023 Book (Short term) ၁၆၀၅၆ (S-SAT)

Library - 09407999929
Admin Office - 09407999979
Dean Office - 09250910768
Registrar Office - 09892297154
Email - [email protected]
Shan State Buddhist University, Phaya Phyu Taunggyi, Shan State, Myanmar.